[Event "The Resurrection Challenge"]
[Site "SchemingMind.com"]
[Date "2008.03.21"]
[Round "-"]
[White "Brendan Joseph Birt"]
[Black "tiggeronvrb"]
[Result "1-0"]
[WhiteCountry "USA"]
[BlackCountry "SCO"]
[WhiteElo "1854"]
[WhiteRD "75"]
[BlackElo "1771"]
[BlackRD "55"]
[GameID "147099"]

1. e4 c6 2. d4 d5 3. exd5 cxd5 4. Bd3 Nc6 5. c3 Nf6 6. Bf4 Bg4 7. Qb3 b6 8. Nd2 e6 9. Ngf3 Bd6 10. Bxd6 Qxd6
11. O-O O-O 12. Rfe1 Rfc8 13. Ne5 Bh5 14. Nf1 Nd7 15. Nxd7 Qxd7 16. Ng3 Bg6 17. Bxg6 hxg6 18. Qd1 Qd6 19. Qg4 e5 20. dxe5 Nxe5
21. Qf4 f6 22. Rad1 Rc4 23. Qd2 Rd8 24. h3 Rc7 25. Ne2 Kf7 26. Nd4 Nc6 27. Ne6 Rcd7 28. Nxd8+ Rxd8 29. f4 Ne7 30. Qf2 Nf5
31. g4 Ne7 32. Re3 Nc6 33. Red3 Ne7 34. c4 Qc5 35. Qxc5 bxc5 36. cxd5 Nc8 37. Kf2 Nd6 38. Kf3 Rb8 39. b3 Rb7 40. Rc1 Rc7
41. Rdc3
1-0

[Event "The Resurrection Challenge"]
[Site "SchemingMind.com"]
[Date "2008.03.25"]
[Round "-"]
[White "Clive Everill"]
[Black "tiggeronvrb"]
[Result "0-1"]
[WhiteCountry "CZE"]
[BlackCountry "SCO"]
[WhiteElo "1680"]
[WhiteRD "52"]
[BlackElo "1787"]
[BlackRD "60"]
[GameID "147100"]

1. c4 Nf6 2. Nc3 g6 3. g3 Bg7 4. Bg2 O-O 5. e4 e5 6. Nge2 d6 7. O-O Nc6 8. f4 Be6 9. d3 Qd7 10. Nd5 Bh3
11. Nxf6+ Bxf6 12. f5 Bxg2 13. Kxg2 gxf5 14. Rxf5 Bg7 15. Nc3 Nd4 16. Rg5 Kh8 17. Nd5 f5 18. exf5 c6 19. Ne3 Bh6 20. Rh5 Bxe3
21. Bxe3 Nxf5 22. Bd2 Rf7 23. Qa4 Raf8 24. Re1 Ng7 25. Rg5 Rf2+ 26. Kg1 Qh3
0-1

[Event "The Resurrection Challenge"]
[Site "SchemingMind.com"]
[Date "2008.03.21"]
[Round "-"]
[White "matizccc"]
[Black "tiggeronvrb"]
[Result "1-0"]
[WhiteCountry "ROU"]
[BlackCountry "SCO"]
[WhiteElo "1745"]
[WhiteRD "69"]
[BlackElo "1787"]
[BlackRD "60"]
[GameID "147101"]

1. Nf3 Nf6 2. Nc3 d5 3. e3 c5 4. Bb5+ Nc6 5. Bxc6+ bxc6 6. Ne5 Qc7 7. f4 e6 8. O-O Bd6 9. Qe2 Bxe5 10. fxe5 Nd7
11. Qf3 Nxe5 12. Qg3 Ba6 13. Qxg7 O-O-O 14. d3 Rdg8 15. Qf6 h5 16. Rf2 Ng4 17. Qh4 Nxf2 18. Qxf2 Rg6 19. Ne2 e5 20. Bd2 Rhg8
21. g4 Rxg4+ 22. Kh1 Qe7 23. Ng3 h4 24. Nf5 Qe6 25. Rf1 h3 26. e4 dxe4 27. Qxc5 Kb7 28. Nd6+ Kc7 29. Rxf7+ Kb8 30. Qxa7#
1-0

[Event "The Resurrection Challenge"]
[Site "SchemingMind.com"]
[Date "2008.03.22"]
[Round "-"]
[White "boutdem"]
[Black "tiggeronvrb"]
[Result "1-0"]
[WhiteCountry "GRE"]
[BlackCountry "SCO"]
[WhiteElo "1949"]
[WhiteRD "79"]
[BlackElo "1771"]
[BlackRD "55"]
[GameID "147102"]

1. f4 d5 2. Nf3 Nf6 3. g3 c5 4. Bg2 Nc6 5. c3 e6 6. O-O Bd6 7. d3 O-O 8. Qc2 b5 9. e4 dxe4 10. dxe4 Bc7
11. Rd1 Qe7 12. Ng5 h6 13. e5 hxg5 14. exf6 Qe8 15. fxg5 Bb7 16. Be3 Bb6 17. Qe2 a6 18. Qh5 Rb8 19. fxg7 Kxg7 20. Be4 Rh8
21. Qe2 Ne7 22. Bxb7 Rxb7 23. Nd2 Nf5 24. Bf2 c4 25. Bxb6 Rxb6 26. Qe5+ Kg8 27. Ne4 Qc6 28. Rd8+
1-0

[Event "The Resurrection Challenge"]
[Site "SchemingMind.com"]
[Date "2008.03.21"]
[Round "-"]
[White "Dr_Pat"]
[Black "_keyes"]
[Result "1-0"]
[WhiteCountry "USA"]
[BlackCountry "ENG"]
[WhiteElo "1929"]
[WhiteRD "48"]
[BlackElo "1921"]
[BlackRD "74"]
[GameID "147114"]

1. d4 Nf6 2. c4 e6 3. Nc3 Bb4 4. Qc2 d5 5. cxd5 exd5 6. Bg5 h6 7. Bxf6 Qxf6 8. a3 Bxc3+ 9. Qxc3 c6 10. e3 O-O
11. Nf3 Nd7 12. Be2 Re8 13. O-O Qe7 14. Qc2 Nf6 15. Bd3 Ne4 16. Ne5 Nf6 17. f4 Ng4 18. Rf3 Nxe5 19. fxe5 Be6 20. Raf1 Rac8
21. Rc1 Rc7 22. Qa4 Ra8 23. Rc5 Bd7 24. Rg3 b6 25. Rc3 c5 26. Qd1 c4 27. e4 Be6 28. exd5 Bxd5 29. Bf5 Re8 30. Qg4 Qf8
31. Qh4 Kh8 32. Rxg7 Qxg7 33. Rg3 Qxg3 34. Qxh6+ Kg8 35. hxg3 Rd8 36. Qg5+
1-0

[Event "The Resurrection Challenge"]
[Site "SchemingMind.com"]
[Date "2008.03.22"]
[Round "-"]
[White "Dr_Pat"]
[Black "Brendan Joseph Birt"]
[Result "1-0"]
[WhiteCountry "USA"]
[BlackCountry "USA"]
[WhiteElo "1903"]
[WhiteRD "53"]
[BlackElo "1854"]
[BlackRD "75"]
[GameID "147115"]

1. d4 Nf6 2. c4 e6 3. Nc3 Bb4 4. Qc2 Nc6 5. Nf3 d6 6. a3 Bxc3+ 7. Qxc3 d5 8. g3 O-O 9. Bg2 Ne7 10. O-O b6
11. cxd5 Nexd5 12. Qc2 Bb7 13. Ne5 Qd6 14. Rd1 Rad8 15. e4 Ne7 16. Bf4 Rc8 17. Ng6 Qd8 18. Nxf8 Kxf8 19. e5 Nfd5 20. Qxh7 Ba8
21. Bg5 Qd7 22. Be4 Ng8 23. Rac1 a5 24. Rd3 c5 25. dxc5 bxc5 26. Qh8 g6 27. Bf6 Nxf6 28. exf6 Bd5 29. Qg7+
1-0

[Event "The Resurrection Challenge"]
[Site "SchemingMind.com"]
[Date "2008.03.24"]
[Round "-"]
[White "Dr_Pat"]
[Black "Clive Everill"]
[Result "1-0"]
[WhiteCountry "USA"]
[BlackCountry "CZE"]
[WhiteElo "1825"]
[WhiteRD "51"]
[BlackElo "1680"]
[BlackRD "52"]
[GameID "147116"]

1. d4 f5 2. g3 Nf6 3. Bg2 e6 4. Nf3 Be7 5. O-O O-O 6. c4 d6 7. Nc3 Nc6 8. d5 exd5 9. cxd5 Ne5 10. Nd4 Bd7
11. Ne6 c6 12. Nxd8 Raxd8 13. Qb3 c5 14. f4 Neg4 15. h3 Nh6 16. Qxb7 a5 17. Qa6 Ra8 18. Qd3 Kh8 19. Nb5 Nf7 20. Nc7 Rac8
21. Ne6 Rfe8 22. Qxf5 g6 23. Qc2 Kg8 24. f5 g5 25. Nxg5 Nxg5 26. Bxg5 Kf7 27. g4 Rg8 28. Be3 Nxg4 29. hxg4 Rxg4 30. f6 Bf8
31. Qxh7+ Ke8 32. Bh6 Rh4 33. Qg8 Rxh6 34. f7+
1-0

[Event "The Resurrection Challenge"]
[Site "SchemingMind.com"]
[Date "2008.03.22"]
[Round "-"]
[White "Dr_Pat"]
[Black "matizccc"]
[Result "0-1"]
[WhiteCountry "USA"]
[BlackCountry "ROU"]
[WhiteElo "1825"]
[WhiteRD "51"]
[BlackElo "1745"]
[BlackRD "69"]
[GameID "147117"]

1. d4 d5 2. c4 Nf6 3. Nc3 e6 4. Bg5 Be7 5. e3 Ne4 6. Bxe7 Qxe7 7. cxd5 Nxc3 8. bxc3 exd5 9. Qb3 c6 10. Nf3 O-O
11. Bd3 Be6 12. O-O b6 13. c4 dxc4 14. Bxc4 Bxc4 15. Qxc4 c5 16. dxc5 bxc5 17. Rfc1 Nd7 18. Qf4 g6 19. Qc7 Rfc8 20. Qb7 Rcb8
21. Qd5 Rc8 22. Rab1 Nb6 23. Qb3 Rc7 24. Rd1 Rd8 25. Rxd8+ Qxd8 26. Qc3 Qd5 27. Qc2 Rd7
0-1

[Event "The Resurrection Challenge"]
[Site "SchemingMind.com"]
[Date "2008.03.21"]
[Round "-"]
[White "Dr_Pat"]
[Black "tiggeronvrb"]
[Result "1-0"]
[WhiteCountry "USA"]
[BlackCountry "SCO"]
[WhiteElo "1825"]
[WhiteRD "51"]
[BlackElo "1787"]
[BlackRD "60"]
[GameID "147118"]

1. d4 d5 2. c4 c6 3. Nf3 Nf6 4. Nc3 e6 5. Bg5 Nbd7 6. e3 Bd6 7. Bd3 O-O 8. O-O b6 9. cxd5 exd5 10. e4 dxe4
11. Nxe4 Be7 12. Re1 h6 13. Bd2 Nd5 14. Qb3 N7f6 15. Ne5 Bb7 16. Rac1 Rc8 17. Ng3 Bd6 18. Nf5 Bxe5 19. dxe5 Nd7 20. Bc4 Nc5
21. Qg3 Ne6 22. Nxg7
1-0

[Event "The Resurrection Challenge"]
[Site "SchemingMind.com"]
[Date "2008.03.21"]
[Round "-"]
[White "Dr_Pat"]
[Black "boutdem"]
[Result "1-0"]
[WhiteCountry "USA"]
[BlackCountry "GRE"]
[WhiteElo "1992"]
[WhiteRD "50"]
[BlackElo "1820"]
[BlackRD "80"]
[GameID "147119"]

1. d4 Nf6 2. c4 e5 3. dxe5 Ne4 4. Nf3 Nc6 5. Nbd2 Bb4 6. a3 Bxd2+ 7. Bxd2 Nxd2 8. Qxd2 Qe7 9. Qc3 b6 10. e3 Bb7
11. Be2 O-O 12. O-O Rfe8 13. Rfd1 Rad8 14. b4 Nxe5 15. Nxe5 Qxe5 16. Qxe5 Rxe5 17. Rac1 d6 18. c5 Rg5 19. g3 h5 20. cxb6 cxb6
21. Rc7 Bc8 22. f4 Rf5 23. Rxa7 Rf6 24. Bxh5 Bh3 25. Rc1 g6 26. Bf3 d5 27. Kf2 d4 28. e4 Rfd6 29. e5 R6d7 30. Rxd7 Bxd7
31. Rc7 Kf8 32. Ke2 g5 33. fxg5 Bb5+ 34. Kd2 Re8 35. Bh5 Rxe5 36. Rxf7+ Kg8 37. Rf6 Rxg5 38. Bg6 Re5 39. Bd3 Bxd3 40. Kxd3 Re3+
41. Kxd4 Rxa3 42. Rxb6 Kf7 43. Ke5 Ke7 44. Rb7+ Kd8 45. b5 Ra2 46. h4 Rb2 47. Kd6 Kc8 48. Rg7 Rd2+ 49. Kc5 Rc2+ 50. Kb6 Rh2
51. Rb7 Rg2 52. Rc7+
1-0

[Event "The Resurrection Challenge"]
[Site "SchemingMind.com"]
[Date "2008.03.21"]
[Round "-"]
[White "_keyes"]
[Black "Dr_Pat"]
[Result "1-0"]
[WhiteCountry "ENG"]
[BlackCountry "USA"]
[WhiteElo "1921"]
[WhiteRD "74"]
[BlackElo "1929"]
[BlackRD "48"]
[GameID "147120"]

1. d4 d5 2. c4 c6 3. Nc3 Nf6 4. Nf3 e6 5. e3 Nbd7 6. Bd3 dxc4 7. Bxc4 b5 8. Bd3 a6 9. O-O c5 10. Qe2 Bb7
11. Rd1 Qc7 12. Bd2 c4 13. Bc2 Be7 14. Rac1 O-O 15. e4 e5 16. d5 Rfe8 17. a3 Rac8 18. h3 Nc5 19. Be3 h6 20. Nh4 Rcd8
21. Nf5 Bc8 22. Nxe7+ Rxe7 23. f3 Qd6 24. Qf2 Rc7 25. f4 Nfd7 26. g3 Bb7 27. f5 Nf6 28. Kh1 Nb3 29. Bxb3 cxb3 30. Qg2 Rdc8
31. g4 Rc4 32. g5 hxg5 33. Bxg5 Nd7 34. Rg1
1-0

[Event "The Resurrection Challenge"]
[Site "SchemingMind.com"]
[Date "2008.03.21"]
[Round "-"]
[White "Brendan Joseph Birt"]
[Black "Dr_Pat"]
[Result "0-1"]
[WhiteCountry "USA"]
[BlackCountry "USA"]
[WhiteElo "1837"]
[WhiteRD "77"]
[BlackElo "1929"]
[BlackRD "48"]
[GameID "147121"]

1. e4 Nf6 2. e5 Nd5 3. d4 d6 4. c4 Nb6 5. exd6 cxd6 6. Nc3 Bf5 7. Nf3 e6 8. Bd3 Bxd3 9. Qxd3 Be7 10. O-O O-O
11. Be3 Bf6 12. Rac1 Nc6 13. b3 g6 14. Ne4 d5 15. Nxf6+ Qxf6 16. c5 Nd7 17. Qd2 Qf5 18. Rfe1 Nf6 19. Qc2 Ne4 20. a3 a5
21. Nd2 h5 22. f3 Nf6 23. Qxf5 gxf5 24. Nb1 Kg7 25. Nc3 f4 26. Bf2 Kg6 27. Nb5 Ne8 28. Kf1 Ng7 29. Nd6 Nf5 30. Nxf5 Kxf5
31. Ke2 Rg8 32. Rg1 a4 33. b4 Na7 34. Kd3 Nb5 35. Ra1 f6 36. h3 Rg6 37. g4+ fxg3 38. Bxg3 Rag8 39. Bh2 Rxg1 40. Rxg1 Rxg1
41. Bxg1 Kf4 42. Ke2 Kg3 43. Be3 Kxh3 44. Kf2 Nxa3
0-1

[Event "The Resurrection Challenge"]
[Site "SchemingMind.com"]
[Date "2008.03.25"]
[Round "-"]
[White "Clive Everill"]
[Black "Dr_Pat"]
[Result "0-1"]
[WhiteCountry "CZE"]
[BlackCountry "USA"]
[WhiteElo "1680"]
[WhiteRD "52"]
[BlackElo "1825"]
[BlackRD "51"]
[GameID "147122"]

1. c4 Nf6 2. Nf3 g6 3. Nc3 Bg7 4. d4 O-O 5. e4 d6 6. Be2 e5 7. O-O Nc6 8. d5 Ne7 9. b4 Nh5 10. Nh4 Nf4
11. g3 Nxe2+ 12. Qxe2 f5 13. Bg5 f4 14. Kg2 f3+ 15. Nxf3 Bg4 16. Qd2 Bxf3+ 17. Kg1 Qd7 18. Nd1 Nc8 19. Bh6 Qh3 20. Ne3 Bxh6
21. Rab1 Nb6 22. Rbc1 Rf4 23. c5 Rh4 24. cxb6 Qxh2#
0-1

[Event "The Resurrection Challenge"]
[Site "SchemingMind.com"]
[Date "2008.03.22"]
[Round "-"]
[White "matizccc"]
[Black "Dr_Pat"]
[Result "0-1"]
[WhiteCountry "ROU"]
[BlackCountry "USA"]
[WhiteElo "1710"]
[WhiteRD "70"]
[BlackElo "1903"]
[BlackRD "53"]
[GameID "147123"]

1. Nf3 Nf6 2. Nc3 d5 3. d4 Bf5 4. Ne5 e6 5. f3 h5 6. g3 Bd6 7. Bg5 O-O 8. f4 c5 9. dxc5 Bxc5 10. Qd2 Qb6
11. O-O-O Be3 12. Nf3 Bxd2+ 13. Rxd2 Nc6 14. Bxf6 gxf6 15. Nh4 Bh7 16. e3 Qxe3 17. Bg2 Nb4 18. f5 Rac8 19. Rd1 d4 20. fxe6 dxc3
21. bxc3 Nxa2+ 22. Kb2 Nxc3 23. exf7+ Kg7 24. Kc1 Na4 25. Nf5+ Bxf5 26. Rf1 Rxc2+
0-1

[Event "The Resurrection Challenge"]
[Site "SchemingMind.com"]
[Date "2008.03.21"]
[Round "-"]
[White "tiggeronvrb"]
[Black "Dr_Pat"]
[Result "0-1"]
[WhiteCountry "SCO"]
[BlackCountry "USA"]
[WhiteElo "1787"]
[WhiteRD "60"]
[BlackElo "1825"]
[BlackRD "51"]
[GameID "147124"]

1. e4 Nf6 2. e5 Nd5 3. c4 Nb6 4. c5 Nd5 5. Bc4 e6 6. Ne2 Nc6 7. Nbc3 Nxc3 8. dxc3 Qh4 9. Bb3 Bxc5 10. O-O Nxe5
11. Bf4 Qf6 12. Qd2 O-O 13. Bc2 d5 14. Bg5 Nc4 15. Qc1 Qe5 16. Re1 h6 17. Bf4 Qf6 18. b3 Na3 19. Bd3 e5 20. Bg3 a5
21. c4 e4 22. Bc2 e3 23. Rf1 Nxc2 24. Qxc2 exf2+ 25. Kh1 Bf5 26. Qc1 Bd3 27. Qd2 dxc4 28. bxc4 Rfd8
0-1

[Event "The Resurrection Challenge"]
[Site "SchemingMind.com"]
[Date "2008.03.21"]
[Round "-"]
[White "boutdem"]
[Black "Dr_Pat"]
[Result "0-1"]
[WhiteCountry "GRE"]
[BlackCountry "USA"]
[WhiteElo "1820"]
[WhiteRD "80"]
[BlackElo "1992"]
[BlackRD "50"]
[GameID "147125"]

1. f4 d5 2. Nf3 Nf6 3. g3 g6 4. Bg2 Bg7 5. O-O O-O 6. d3 c5 7. c3 Nc6 8. Na3 b6 9. Qc2 Bb7 10. e4 e6
11. e5 Ne8 12. d4 Rc8 13. Qd3 Nc7 14. Nc2 Ba6 15. c4 Bxc4 16. Qe3 Bxf1 17. Bxf1 c4 18. Bh3 Qe7 19. Bd2 a5 20. Kg2 a4
21. a3 Rfe8 22. Nb4 Na5 23. Rd1 Nb3 24. Be1 Qd7 25. Nd2 Nb5 26. Nb1 Bf8 27. Nc2 Be7 28. Bg4 h5 29. Bf3 Kg7 30. Nc3 Nxc3
31. Bxc3 h4 32. g4 Rh8 33. h3 Rcf8 34. Qe2 Rhg8 35. f5 gxf5 36. gxf5 Bg5 37. Kh1 Kh7 38. Bg2 Bh6 39. Qh5 Rg3 40. Be1 Rd3
41. Nb4 Rxd4 42. Nxd5 exd5 43. e6 Rxd1 44. exd7 Rxe1+ 45. Kh2 Nc5 46. d8=Q Rxd8 47. Qxf7+ Bg7 48. Qg6+ Kg8 49. f6 Ne6 50. fxg7 Re2
0-1